[Event "Tourn. n9688"]
[Site "www.chess-mail.com"]
[Date "2018.02.15"]
[Round "1"]
[White "Jazzy"]
[Black "Apdash"]
[WhiteElo "2260"]
[BlackElo "2210"]
[Result "1-0"]
[Round "1"]
1.Ng1f3 d5
2.b3 Ng8f6
3.Bc1b2 e6
4.e3 Bf8e7
5.Bf1e2 O-O
6.O-O c5
7.d4 Nb8c6
8.Nb1d2 cxd4
9.Nf3xd4 Bc8d7
10.Nd2f3 a6
11.Nd4xc6 bxc6
12.c4 Nf6e4
13.Nf3d2 Ne4xd2
14.Qd1xd2 Be7f6
15.Bb2xf6 Qd8xf6
16.Ra1c1 a5
17.Rf1d1 a4
18.b4 a3
19.Qd2c3 Qf6xc3
20.Rc1xc3 Ra8a4
21.b5 cxb5
22.cxb5 Rf8b8
23.Rd1b1 Kf8
24.b6 Ke7
25.Rc3c7 Kd8
26.Rc7xd7 Kxd7
27.Be2b5 Kd6
28.Bb5xa4 Rb8b7
29.Kf1 Kc5
30.Ke2 Rb7xb6
31.Rb1xb6 Kxb6
32.Kd3 f6
33.f3 e5
34.e4 d4
35.Kc4 Ka5
36.Kb3 g6
37.Kxa3 d3
38.Ba4d1 f5
39.Kb3 fxe4
40.fxe4 { resign }
1-0

[Event "Tourn. n9648"]
[Site "www.chess-mail.com"]
[Date "2018.02.15"]
[Round "1"]
[White "Tartan"]
[Black "Vios"]
[WhiteElo "2540"]
[BlackElo "2320"]
[Result "1-0"]
[Round "1"]
1.d4 Ng8f6
2.c4 e6
3.Nb1c3 Bf8b4
4.Qd1c2 O-O
5.Ng1f3 Nb8c6
6.a3 Bb4xc3
7.Qc2xc3 d6
8.g3 e5
9.Bf1g2 e4
10.Nf3d2 d5
11.e3 Rf8e8
12.b3 Bc8f5
13.Bc1b2 Qd8d7
14.h3 h5
15.Kf1  { time }
1-0

[Event "Tourn. n9710"]
[Site "www.chess-mail.com"]
[Date "2018.02.15"]
[Round "1"]
[White "Begory"]
[Black "Cal"]
[WhiteElo "1630"]
[BlackElo "1530"]
[Result "0-1"]
[Round "1"]
1.d4 d5
2.Bc1f4 Nb8c6
3.Nb1c3 h6
4.Nc3b5 e5
5.dxe5 Bc8e6
6.Ng1f3 a6
7.Nb5c3 Bf8b4
8.Qd1d2 Ng8e7
9.O-O-O O-O
10.a3 Bb4xc3
11.Qd2xc3 Nc6a7
12.Nf3d4 b6
13.e3 c5
14.Nd4f3 Na7b5
15.Bf1xb5 axb5
16.Qc3d3 Be6f5
17.Qd3xb5 Ra8a5
18.Qb5b3 Qd8d7
19.Qb3xb6 Qd7a4
20.Qb6b3 Qa4e4
21.Rd1d2 d4
22.Qb3b6 Ra5a4
23.Qb6b3 Rf8a8
24.exd4 Ne7c6
25.Bf4e3 c4
26.Qb3c3 Nc6a5
27.d5 Na5b3
28.cxb3 cxb3
29.d6 Qe4b1
{ resign }
0-1

[Event "Tourn. n9692"]
[Site "www.chess-mail.com"]
[Date "2018.02.15"]
[Round "1"]
[White "Coolant"]
[Black "Greghghs"]
[WhiteElo "2340"]
[BlackElo "2620"]
[Result "0-1"]
[Round "1"]
1.f4 d5
2.Ng1f3 c5
3.g3 Nb8c6
4.Bf1g2 g6
5.O-O Bf8g7
6.c3 Ng8f6
7.d3 O-O
8.Qd1e1 Rf8e8
9.Nf3e5 Qd8c7
10.Nb1a3 Nc6xe5
11.fxe5 Qc7xe5
12.Bc1f4 Qe5h5
13.Na3b5 e5
14.Bf4d2 Re8e7
15.e4 d4
16.cxd4 exd4
17.b4 Nf6g4
18.h3 Ng4e3
19.Bd2xe3 dxe3
20.Ra1c1 c4
21.Nb5c3 Bc8e6
22.g4 Qh5g5
23.dxc4 Be6xc4
24.Nc3d5 Bc4xd5
25.exd5 e2
{ resign }
0-1

[Event "Tourn. n9635"]
[Site "www.chess-mail.com"]
[Date "2018.02.15"]
[Round "1"]
[White "Claymil"]
[Black "Dussek"]
[WhiteElo "2060"]
[BlackElo "1880"]
[Result "1-0"]
[Round "1"]
1.c4 c5
2.Nb1c3 Ng8f6
3.g3 Nb8c6
4.Bf1g2 g6
5.e3 Bf8g7
6.Ng1e2 O-O
7.O-O Ra8b8
8.a3 Nc6e5
9.d3 b6
10.b3 e6
11.Bc1b2 Ne5c6
12.Ra1b1 Bc8b7
13.d4 d6
14.d5 Nc6e5
15.h3 Bb7a6
16.f4 Ne5d7
17.e4 e5
18.f5 g5
19.g4 h5
20.Ne2g3 h4
21.Ng3e2 b5
22.cxb5 Ba6b7
23.a4 a6
24.Bb2c1 Bg7h6
25.Kh2 axb5
26.Nc3xb5 Nd7b6
27.Ne2g1 Kh7
28.Qd1e1 Bb7a6
29.Ng1f3 Rf8g8
30.Nf3xh4 Ba6xb5
31.axb5 Qd8d7
32.Nh4f3 Qd7xb5
33.Rf1f2 Nb6c4
34.Bg2f1 Qb5b4
35.Qe1xb4 Rb8xb4
36.Bf1xc4 Nf6xe4
37.Rf2f1 Rg8a8
38.Rf1e1 Ra8a2
39.Re1e2 Ra2xe2
40.Bc4xe2 Ne4c3
41.Rb1b2 f6
42.Be2c4 Bh6f8
43.Bc1d2 Nc3d1
44.Rb2b1 Rb4b8
45.Rb1xd1 Bf8e7
46.Kg3 Be7d8
47.Rd1a1 Bd8b6
48.h4 e4
49.Nf3g1 Rb8e8
50.hxg5 fxg5
51.Bd2xg5 e3
52.Ra1e1 Bb6a5
53.Re1xe3 Re8g8
54.Re3e7 { resign }
1-0

[Event "Tourn. n9717"]
[Site "www.chess-mail.com"]
[Date "2018.02.15"]
[Round "1"]
[White "Apdash"]
[Black "Fantomas"]
[WhiteElo "2180"]
[BlackElo "2270"]
[Result "0-1"]
[Round "1"]
1.e4 d5
2.exd5 Ng8f6
3.c4 c6
4.dxc6 Nb8xc6
5.Nb1c3 e5
6.d3 Bf8b4
7.Bc1d2 O-O
8.a3 Bb4a5
9.b4 Ba5b6
10.Bf1e2 a5
11.b5 Qd8d4
12.Bd2e3 Qd4xc3
13.Be3d2 Qc3b2
14.bxc6 Ra8a6
15.cxb7 Bc8xb7
16.Ng1f3 e4
17.dxe4 Nf6xe4
18.O-O Rf8d8
19.Ra1b1 Qb2xa3
20.Rb1b3 Qa3c5
21.Qd1c2 Ne4xd2
22.Nf3xd2 Bb7xg2
23.Kxg2 Qc5g5
24.Rb3g3 Qg5xd2
25.Qc2e4 Ra6a8
26.Rf1d1 Qd2h6
27.Rd1xd8 Ra8xd8
28.Be2d3 Bb6c7
29.Rg3h3 Qh6g5
30.Kh1 g6
31.Rh3f3 a4
32.c5 a3
33.Qe4c4 Rd8d7
34.c6 Qg5h5
35.Rf3g3 Bc7xg3
36.fxg3 Qh5f3
37.Kg1 Rd7xd3
{ resign }
0-1

[Event "Match"]
[Site "www.echecsemail.com"]
[Date "2018.02.15"]
[Round "1"]
[White "Jackbauer"]
[Black "Lion123"]
[WhiteElo "1830"]
[BlackElo "1590"]
[Result "0-1"]
[Round "1"]
1.e4 c5
2.f4 Nb8c6
3.Ng1f3 g6
4.Bf1b5 Bf8g7
5.Bb5xc6 dxc6
6.d3 Bc8g4
7.c4 Qd8b6
8.O-O Bg7xb2
9.Bc1xb2 Qb6xb2
10.Nb1d2 Ra8d8
11.Nd2b3 b6
12.Rf1f2 Qb2f6
13.g3 a5
14.Ra1b1 a4
15.Nb3d2 Ng8h6
16.e5 Qf6f5
17.Qd1xa4 O-O
18.d4 Bg4xf3
19.Rf2xf3 Rd8xd4
20.Rb1b2 b5
21.Qa4a7 Qf5g4
22.Rf3f2 Qg4h3
23.Qa7xe7 Nh6f5
24.Qe7xc5 Rf8d8
25.a4 Rd4xc4
26.Qc5b6 Rd8xd2
27.Rf2xd2 Rc4c1
28.Kf2 Qh3f1
{ resign }
0-1

[Event "Match"]
[Site "www.echecsemail.com"]
[Date "2018.02.15"]
[Round "1"]
[White "Estonia"]
[Black "Lcbunghai"]
[WhiteElo "2030"]
[BlackElo "2020"]
[Result "1/2-1/2"]
[Round "1"]
1.d4 Ng8f6
2.c4 e6
3.Ng1f3 d5
4.Nb1c3 c5
5.e3 Nb8c6
6.cxd5 exd5
7.Bf1b5 Bf8d6
8.O-O O-O
9.dxc5 Bd6xc5
10.Nf3d4 Nc6xd4
11.exd4 Bc5e7
12.Bc1e3 Bc8d7
13.Bb5xd7 Qd8xd7
14.Qd1b3 a6
15.Ra1c1 Rf8d8
16.Rc1c2 b5
17.a3 Nf6e4
18.Nc3xe4 dxe4
19.Rf1c1 Be7d6
20.h3 Ra8c8
21.Rc2xc8 Rd8xc8
22.Rc1xc8 Qd7xc8
23.Qb3d5 Bd6b8
24.Qd5xe4 h6
25.g4 Qc8c7
26.f4 g6
27.Be3d2 g5
28.Qe4e8 Kg7
29.Qe8e5 Qc7xe5
30.fxe5 Bb8a7
31.Kg2 Ba7xd4
32.Bd2c3 Bd4xc3
33.bxc3 Kf8
34.Kf3 Ke7
35.Ke3 Ke6
36.Kd4 Kd7
37.Kc5 Kc7
38.Kd5 Kd7
39.c4 bxc4
40.Kxc4 Kc6
41.a4 a5
42.Kd4 Kd7
43.Kd5 Ke7
44.Kd4 Kd7
45.Kd5 Kc7
46.e6 fxe6
47.Kxe6 Kc6
48.Kf6 Kc5
49.Kg6 Kb4
50.Kxh6 Kxa4
51.Kxg5 Kb3
52.Kh6 a4
53.g5 a3
54.g6 a2
55.g7 a1Q
56.g8Q Kc2
57.Qg8g6 Kd2
58.Qg6g5 Ke2
59.Qg5g4 Kf2
60.Qg4g7 Qa1c1
61.Qg7g5 Qc1c6
62.Kh5 Qc6f3
63.Kh4 Qf3e4
64.Qg5g4 { draw }
1/2-1/2

[Event "Match"]
[Site "www.echecsemail.com"]
[Date "2018.02.15"]
[Round "1"]
[White "Lcbunghai"]
[Black "Chapi"]
[WhiteElo "2020"]
[BlackElo "2090"]
[Result "0-1"]
[Round "1"]
1.e4 c5
2.Ng1f3 Nb8c6
3.d4 cxd4
4.Nf3xd4 g6
5.Nb1c3 Bf8g7
6.Bc1e3 Ng8f6
7.Bf1e2 O-O
8.O-O d6
9.a3 Bc8d7
10.Kh1 Qd8c8
11.Ra1c1 Nf6g4
12.Nc3d5 Rf8e8
13.c3 Ng4xe3
14.Nd5xe3 Nc6xd4
15.cxd4 Qc8d8
16.b3 Qd8b6
17.d5 Bg7b2
18.Ne3c4 Qb6d4
19.Qd1xd4 Bb2xd4
20.Rc1d1 Bd4c3
21.f4 b5
22.Nc4e3 Bc3b2
23.Ne3c2 Re8c8
24.Be2d3 Rc8c3
25.Rd1b1 Rc3xd3
26.Rb1xb2 Rd3d2
27.Rb2a2 a5
28.Nc2b4 Rd2d4
29.Nb4c6 Bd7xc6
30.dxc6 Rd4xe4
31.Ra2c2 Re4e3
32.c7 Ra8c8
33.Rf1b1 Kf8
34.Kg1 Ke8
35.Kf2 Re3e4
36.Kf3 f5
37.Rb1c1 Kd7
38.g3 Re4d4
39.Ke3 Rd4d5
40.b4 axb4
41.axb4 e5
42.fxe5 dxe5
43.Rc2c5 Rd5xc5
44.Rc1xc5 Kd6
45.Rc5xb5 Rc8xc7
46.Rb5b8 Kd5
47.b5 Rc7c3
48.Kd2 Rc3b3
49.Kc2 Rb3b4
50.Kc3 Rb4g4
51.b6 Kc6
52.b7 Kc7
53.Rb8h8 Kxb7
54.Rh8xh7 Kc6
55.Rh7a7 Kd5
56.Ra7a5 Ke4
57.Ra5a4 Kf3
58.Ra4a2 e4
59.Kd2 f4
60.Ke1 fxg3
61.hxg3 Kxg3
62.Ra2a3 Kf4
63.Kf2 g5
64.Ra3b3 Rg4h4
65.Ke2 Rh4h2
66.Kf1 e3
{ resign }
0-1

[Event "Match"]
[Site "www.echecsemail.com"]
[Date "2018.02.15"]
[Round "1"]
[White "Llord"]
[Black "Apdash"]
[WhiteElo "1960"]
[BlackElo "2230"]
[Result "0-1"]
[Round "1"]
1.e4 e5
2.Ng1f3 Nb8c6
3.Bf1c4 Ng8f6
4.Nb1c3 Bf8e7
5.O-O d6
6.d4 Bc8g4
7.h3 exd4
8.hxg4 dxc3
9.g5 Nf6d7
10.bxc3 Nc6e5
11.Nf3xe5 dxe5
12.Qd1f3 O-O
13.Bc1e3 Be7xg5
14.Ra1d1 Bg5xe3
15.fxe3 Qd8e7
16.Rf1f2 Nd7b6
17.Bc4b3 a5
18.a4 Nb6d7
19.Rd1f1 Nd7f6
20.Bb3d5 c6
21.Bd5c4 Qe7c5
22.Bc4d3 Qc5xc3
23.Qf3g3 Nf6h5
24.Qg3g5 g6
25.Qg5e7 Ra8e8
26.Qe7xb7 Qc3c5
27.Kh2 Re8e7
28.Qb7a6 Re7a7
29.Qa6c4 Qc5xe3
30.Rf2f3 Qe3b6
31.Bd3e2 Nh5f4
32.g3 Nf4xe2
33.Qc4xe2 Ra7d7
34.Rf3b3 Qb6d4
35.Rb3d3 Qd4a7
36.Rd3xd7 Qa7xd7
37.Qe2a6 Qd7d2
38.Kh3 Qd2xc2
39.Qa6xa5 Qc2xe4
40.Qa5a7 h5
41.a5 f5
42.Qa7b7 Rf8d8
43.a6 Qe4g4
44.Kg2 h4
45.Qb7b3 Kg7
46.a7 h3
47.Kh1 Qg4e4
48.Qb3f3 Qe4xf3
49.Rf1xf3 Rd8a8
50.Rf3a3 g5
51.Kh2 g4
52.Ra3a6 f4
53.Ra6xc6 Ra8xa7
54.Rc6e6 Ra7a2
{ resign }
0-1

[Event "Match"]
[Site "www.echecsemail.com"]
[Date "2018.02.15"]
[Round "1"]
[White "Pwain"]
[Black "Gidi5"]
[WhiteElo "2490"]
[BlackElo "2280"]
[Result "1-0"]
[Round "1"]
1.e4 e5
2.Ng1f3 Nb8c6
3.Bf1c4 Bf8e7
4.O-O Ng8f6
5.d4 d6
6.d5 Nc6a5
7.Bc4d3 c5
8.c3 Qd8b6
9.b4 cxb4
10.cxb4 Qb6xb4
11.Bc1d2 Qb4b6
12.Qd1a4 Na5c6
13.dxc6 bxc6
14.Nb1a3 O-O
15.Bd2a5 { resign }
1-0

[Event "1/64 Finale"]
[Site "www.chess-mail.com"]
[Date "2018.02.15"]
[Round "1"]
[White "Apdash"]
[Black "Derfel83"]
[WhiteElo "2350"]
[BlackElo "2080"]
[Result "1-0"]
[Round "1"]
1.e4 c5
2.Ng1f3 Nb8c6
3.Bf1c4 g6
4.d4 cxd4
5.Nf3xd4 Bf8g7
6.c3 d6
7.Bc1e3 Ng8f6
8.f3 Nf6d7
9.Qd1d2 O-O
10.O-O Nd7e5
11.Bc4b3 Nc6a5
12.Qd2c2 Ne5c4
13.Bb3xc4 Na5xc4
14.Be3f2 Bc8d7
15.Qc2b3 Nc4a5
16.Qb3d1 Ra8c8
17.Nb1a3 a6
18.Qd1d2 Na5c6
19.Ra1d1 h5
20.f4 e5
21.fxe5 dxe5
22.Nd4f3 Bd7e6
23.Bf2c5 Qd8xd2
24.Rd1xd2 Rf8d8
25.Rf1d1 Rd8xd2
26.Rd1xd2 Bg7h6
27.Rd2d1 Be6xa2
28.Rd1d7 Ba2e6
29.Rd7d1 f6
30.Rd1d6 Kf7
31.Rd6d1 Nc6e7
32.b4 b6
33.Bc5xb6 Rc8xc3
34.Na3b1 Bh6e3
35.Bb6xe3 Rc3xe3
36.Nb1d2 Be6b3
37.Rd1a1 Bb3c2
38.Kf2 Re3d3
39.Ra1xa6 Rd3d7
40.Ra6b6 g5
41.Ke3 Rd7d3
42.Ke2 Rd3d7
43.Nf3e1 Rd7c7
44.Ne1xc2 Rc7xc2
45.Kd1 Rc2a2
46.b5 Ke8
47.Rb6xf6 Ra2b2
48.b6 Kd7
49.g3 Ne7c6
50.Rf6f5 Nc6d4
51.Rf5xe5  { time }
1-0

[Event "Tourn. n9662"]
[Site "www.chess-mail.com"]
[Date "2018.02.16"]
[Round "1"]
[White "Orhany24"]
[Black "Abuelo"]
[WhiteElo "2100"]
[BlackElo "2100"]
[Result "1-0"]
[Round "1"]
1.e4 e5
2.Ng1f3 d6
3.d4 exd4
4.Nf3xd4 Ng8f6
5.Bf1d3 Bf8e7
6.c4 c5
7.Nd4e2 Nb8c6
8.O-O h6
9.Nb1c3 O-O
10.h3 Bc8e6
11.Bc1e3 Nc6b4
12.Bd3b1 Be6xc4
13.a3 Bc4xe2
14.Qd1xe2 Nb4c6
15.Nc3d5 a6
16.f4 b5
17.Bb1c2 Nf6xd5
18.exd5 Nc6a5
19.b3 Be7f6
20.Qe2d3 g6
21.f5 Bf6xa1
22.fxg6 Ba1g7
23.gxf7 Rf8xf7
24.Qd3h7 Kf8
25.Rf1xf7 Kxf7
26.Bc2g6 Kf8
27.Be3xh6 Ra8a7
28.Qh7h8 Ke7
29.Qh8xg7 
1-0

[Event "Tourn. n9701"]
[Site "www.chess-mail.com"]
[Date "2018.02.16"]
[Round "1"]
[White "Falcoale"]
[Black "Llcervello"]
[WhiteElo "1900"]
[BlackElo "1630"]
[Result "1-0"]
[Round "1"]
1.e4 e5
2.Ng1f3 Nb8c6
3.d4 d6
4.dxe5 dxe5
5.Bf1c4 Bc8d7
6.O-O Qd8e7
7.Nb1c3 h6
8.Nc3d5 Qe7d6
9.g3 Bd7g4
10.Bc4e2 O-O-O
11.c4 Qd6c5
12.Bc1e3 Qc5b4
13.Qd1c2 Qb4d6
14.Rf1d1 Qd6g6
15.b4 Bf8xb4
16.Nd5xb4 Rd8xd1
17.Ra1xd1 Nc6xb4
18.Qc2b1 a5
19.a3 Nb4c6
20.Rd1d5 Ng8e7
21.Rd5b5 Nc6d8
22.Rb5xa5 Kd7
23.Nf3xe5 Ke8
24.Ne5xg6 Ne7xg6
25.Be2xg4 Ng6e5
26.Ra5xe5 Kf8
27.Qb1d3 Nd8c6
28.Be3c5 Kg8
29.Re5e8 Kh7
30.Re8xh8 Kxh8
31.Qd3d7 Nc6e5
32.Qd7e8 Kh7
33.Qe8xe5 c6
34.Qe5c7 Kg6
35.Bg4f5 Kg5
36.Qc7xf7 b5
37.h4 { resign }
1-0

[Event "Tourn. n9674"]
[Site "www.chess-mail.com"]
[Date "2018.02.16"]
[Round "1"]
[White "Prize64"]
[Black "Orhany24"]
[WhiteElo "2150"]
[BlackElo "2110"]
[Result "1-0"]
[Round "1"]
1.d4 d5
2.Bc1f4 Bc8f5
3.e3 e6
4.c4 Ng8f6
5.Nb1d2 Bf8e7
6.Qd1b3 b6
7.cxd5 exd5
8.Ra1c1 Be7d6
9.Bf4g5 Bd6e7
10.Bf1b5 c6
11.Rc1xc6 Bf5d7
12.Rc6c1 O-O
13.Ng1f3 Bd7xb5
14.Qb3xb5 Nb8d7
15.O-O h6
16.Bg5h4 g5
17.Bh4g3 Rf8e8
18.Nf3e5 Nd7xe5
19.dxe5 Nf6e4
20.Nd2xe4 dxe4
21.Rf1d1 Qd8b8
22.Rd1d7 { resign }
1-0

[Event "Tourn. n9660"]
[Site "www.chess-mail.com"]
[Date "2018.02.16"]
[Round "1"]
[White "Apdash"]
[Black "Liencam2"]
[WhiteElo "2230"]
[BlackElo "2270"]
[Result "1/2-1/2"]
[Round "1"]
1.d4 Ng8f6
2.c4 c5
3.Ng1f3 cxd4
4.Nf3xd4 e5
5.Nd4b3 d5
6.e3 Nb8c6
7.cxd5 Nf6xd5
8.Bf1b5 Bf8e7
9.O-O O-O
10.Bb5xc6 bxc6
11.Qd1c2 Nd5b4
12.Qc2c3 Qd8c7
13.a3 Nb4d5
14.Qc3c2 Ra8b8
15.e4 Nd5f6
16.Bc1e3 Bc8a6
17.Rf1d1 Nf6xe4
18.Nb1d2 Ne4xd2
19.Nb3xd2 f5
20.f3 Be7d6
21.Ra1c1 Rb8c8
22.g3 Rf8f6
23.Nd2c4 Bd6f8
24.f4 e4
25.Be3d4 Rf6e6
26.Bd4e5 Qc7f7
27.b4 c5
28.Nc4d6 Bf8xd6
29.Rd1xd6 Re6xd6
30.Be5xd6 c4
31.a4 Ba6b7
32.Bd6c5 a5
33.Qc2c3 axb4
34.Bc5xb4 Qf7d5
35.Qc3e3 Rc8d8
36.Bb4c3 Qd5d3
37.Qe3b6 Rd8d7
38.Qb6e6 Rd7f7
39.Qe6e8 Rf7f8
40.Qe8e6 Rf8f7
41.Qe6e8 { draw }
1/2-1/2

[Event "Tourn. n9675"]
[Site "www.chess-mail.com"]
[Date "2018.02.16"]
[Round "1"]
[White "Sahlapalat"]
[Black "Caspito"]
[WhiteElo "2080"]
[BlackElo "1900"]
[Result "1-0"]
[Round "1"]
1.d4 g6
2.c4 Bf8g7
3.Nb1c3 c6
4.e4 d6
5.Ng1f3 Bc8g4
6.Bf1e2 Bg4xf3
7.Be2xf3 Nb8a6
8.O-O Ng8f6
9.Rf1e1 Qd8c7
10.Bc1e3 O-O
11.Qd1a4 Qc7c8
12.Ra1d1 Na6c7
13.b4 a6
14.Qa4b3 b6
15.e5 Nf6g4
16.Be3f4 dxe5
17.dxe5 Nc7e6
18.Bf3xg4 Qc8b7
19.Bf4g3 Ra8d8
20.Nc3e4 f5
21.exf6 exf6
22.Bg4xe6 { resign }
1-0

[Event "Tourn. n9723"]
[Site "www.chess-mail.com"]
[Date "2018.02.16"]
[Round "1"]
[White "Bojan"]
[Black "Falcoale"]
[WhiteElo "1970"]
[BlackElo "1990"]
[Result "0-1"]
[Round "1"]
1.e4 c5
2.b3 e5
3.Bc1b2 Nb8c6
4.Bf1b5 d6
5.Nb1c3 a6
6.Bb5c4 b5
7.Bc4e2 Bc8b7
8.Be2g4 Ng8f6
9.Bg4f3 Nc6d4
10.Nc3d5 Nf6xd5
11.exd5 Nd4xf3
12.Qd1xf3 Bf8e7
13.d3 Be7f6
14.Qf3g3 Bb7xd5
15.Ng1e2 O-O
16.c4 Bd5b7
17.f3 Bf6h4
18.O-O Bh4xg3
19.hxg3 bxc4
20.dxc4 d5
21.cxd5 Qd8xd5
22.Ra1d1 Qd5e6
23.Rf1e1 f6
24.Ne2f4 Qe6f5
25.Nf4e2 Ra8d8
26.Rd1c1 Rd8c8
27.Ne2c3 Rf8d8
28.Nc3a4 Rd8d6
29.Bb2a3 Rd6c6
30.Re1e2 c4
31.b4 c3
32.Na4c5 Bb7a8
33.Re2c2 Qf5g6
34.g4 Rc6d6
35.Rc2xc3 h5
36.Rc3c4 Rd6d4
37.gxh5 Qg6xh5
38.Rc4c3 Rc8d8
39.Nc5e6 Rd4d1
40.Rc1xd1 Rd8xd1
{ resign }
0-1

[Event "Tourn. n9720"]
[Site "www.chess-mail.com"]
[Date "2018.02.16"]
[Round "1"]
[White "Hansen"]
[Black "Begory"]
[WhiteElo "1520"]
[BlackElo "1610"]
[Result "0-1"]
[Round "1"]
1.e4 e5
2.Bf1c4 Ng8f6
3.Qd1f3 Bf8c5
4.d3 O-O
5.Qf3g3 d6
6.Bc1h6 Nf6h5
7.Qg3f3 gxh6
8.g4 Nh5f4
9.h4 Nb8c6
10.c3 Bc8e6
11.Bc4b5 Be6d7
12.d4 Bc5b6
13.Nb1a3 a6
14.Bb5xc6 Bd7xc6
15.d5 Qd8d7
16.dxc6 Qd7xc6
17.Ra1d1 Ra8d8
18.g5 hxg5
19.hxg5 d5
20.exd5 Rd8xd5
21.c4 Rd5xd1
22.Qf3xd1 Qc6xh1
23.Kd2 Rf8d8
24.Kc1 Rd8xd1
25.Kxd1 Qh1xg1
26.Kc2 Qg1xf2
27.Kc1 Bb6e3
28.Kb1 Qf2e1
29.Kc2 Nf4h3
30.Kb3 Qe1g3
31.c5 Be3xc5
{ resign }
0-1

[Event "Tourn. n9683"]
[Site "www.chess-mail.com"]
[Date "2018.02.16"]
[Round "1"]
[White "Amaya"]
[Black "Bigrezi"]
[WhiteElo "2130"]
[BlackElo "2260"]
[Result "0-1"]
[Round "1"]
1.d4 Ng8f6
2.e3 d5
3.f4 Bc8f5
4.Bf1d3 e6
5.Ng1f3 Bf8e7
6.Nb1d2 O-O
7.O-O Rf8e8
8.c3 Bf5xd3
9.Nf3e5 Bd3xf1
10.Nd2xf1 c5
11.g4 Nf6e4
12.g5 Nb8d7
13.Nf1d2 Ne4xd2
14.Bc1xd2 cxd4
15.exd4 Nd7xe5
16.dxe5 Qd8b6
17.Kh1 Qb6xb2
18.Ra1b1 Qb2a3
19.Qd1c2 Be7c5
20.f5 exf5
21.Qc2xf5 b6
22.Rb1f1 Qa3xa2
23.Qf5xf7 Kh8
24.Qf7f4 Re8f8
{ resign }
0-1

[Event "Tourn. n9714"]
[Site "www.chess-mail.com"]
[Date "2018.02.16"]
[Round "1"]
[White "Mitja"]
[Black "Coolant"]
[WhiteElo "2070"]
[BlackElo "2280"]
[Result "0-1"]
[Round "1"]
1.d4 Ng8f6
2.e3 b6
3.c3 Bc8b7
4.Ng1f3 e6
5.b3 c5
6.dxc5 Bf8xc5
7.Bc1b2 O-O
8.Bf1d3 Nb8c6
9.Bd3c2 d5
10.Nf3d4 Nc6xd4
11.cxd4 Bc5d6
12.Nb1d2 Ra8c8
13.Ra1c1 Bb7a6
14.Nd2f3 Nf6e4
15.Bc2d3 Rc8xc1
16.Bb2xc1 Qd8c8
17.O-O f5
18.Bd3xa6 Qc8xa6
19.a4 Ne4c3
20.Qd1e1 Rf8c8
21.Bc1d2 Qa6d3
22.Nf3e5 Bd6xe5
23.dxe5 Nc3e2
24.Kh1 Rc8c2
25.Bd2b4 Rc2c1
26.Qe1xc1 Ne2xc1
27.Rf1xc1 Qd3xb3
{ resign }
0-1

[Event "Tourn. n9673"]
[Site "www.chess-mail.com"]
[Date "2018.02.16"]
[Round "1"]
[White "Jaroslavpech"]
[Black "Apdash"]
[WhiteElo "2380"]
[BlackElo "2330"]
[Result "1-0"]
[Round "1"]
1.d4 d5
2.c4 e6
3.Nb1c3 c6
4.e3 Ng8f6
5.Ng1f3 g6
6.Bf1d3 Bf8g7
7.b3 O-O
8.Bc1a3 Qd8a5
9.Qd1c1 Rf8e8
10.O-O dxc4
11.bxc4 Bc8d7
12.Nf3e5 Nf6h5
13.g4 Bg7xe5
14.dxe5 Nh5g7
15.Nc3e4 Re8c8
16.Ne4f6 Kh8
17.e4 Bd7e8
18.Qc1h6 { resign }
1-0

[Event "Match"]
[Site "www.echecsemail.com"]
[Date "2018.02.16"]
[Round "1"]
[White "Destructor"]
[Black "Witpar"]
[WhiteElo "2459"]
[BlackElo "2710"]
[Result "1-0"]
[Round "1"]
1.e4 c5
2.Ng1f3 e6
3.d4 cxd4
4.Nf3xd4 Ng8f6
5.Nb1c3 d6
6.g4 h6
7.h4 Nb8c6
8.Rh1g1 h5
9.gxh5 Nf6xh5
10.Bc1g5 Nh5f6
11.Nd4xc6 bxc6
12.Qd1f3 Ra8b8
13.O-O-O Qd8b6
14.b3 Nf6d7
15.Qf3g3 Qb6b4
16.Kb1 g6
17.Bf1e2 a5
18.Bg5d2 Qb4c5
19.h5 gxh5
20.Nc3a4 Qc5a7
21.Bd2c3 e5
22.f4 Nd7f6
23.Qg3d3 Nf6g4
24.fxe5 Rh8h6
25.Bc3d4 Qa7c7
26.exd6 Bf8xd6
27.e5 Bd6b4
28.Bd4c5 Bc8e6
29.Bc5d6 Qc7d8
30.Qd3h3 Bb4xd6
31.Be2xg4 Be6xg4
32.Rg1xg4 hxg4
33.Qh3xh6 Bd6xe5
34.Rd1xd8 Rb8xd8
35.Qh6xc6 Ke7
36.c4 Rd8d4
37.Na4c3 f6
38.Kc2 g3
39.Nc3d5 Kf7
40.Qc6d7 Kg6
41.Qd7e8 Kg5
42.Qe8g8 Kf5
43.a3 Rd4xd5
44.cxd5 Ke4
45.Qg8e6 g2
46.Qe6g4 Kxd5
47.Qg4xg2 Ke6
48.a4 { resign }
1-0

[Event "Match"]
[Site "www.echecsemail.com"]
[Date "2018.02.16"]
[Round "1"]
[White "Axphis"]
[Black "Aiko1603"]
[WhiteElo "1809"]
[BlackElo "2150"]
[Result "1-0"]
[Round "1"]
1.d4 Ng8f6
2.Ng1f3 e6
3.g3 c5
4.Bf1g2 Nb8c6
5.O-O d5
6.Nb1c3 Bf8e7
7.Bc1f4 O-O
8.Qd1d3 c4
9.Qd3d2 a6
10.Nf3e5 Nc6xe5
11.dxe5 Nf6d7
12.e4 dxe4
13.Nc3xe4 Qd8c7
14.Ne4d6 Ra8b8
15.Rf1d1 b5
16.Nd6xc8 Rb8xc8
17.Qd2xd7 Qc7xd7
18.Rd1xd7 Be7c5
19.Bg2b7 { resign }
1-0

[Event "Match"]
[Site "www.echecsemail.com"]
[Date "2018.02.16"]
[Round "1"]
[White "Gidi5"]
[Black "Goofy"]
[WhiteElo "2270"]
[BlackElo "2350"]
[Result "1/2-1/2"]
[Round "1"]
1.e4 d5
2.exd5 Ng8f6
3.Nb1c3 Nf6xd5
4.d4 Bc8f5
5.Bf1c4 e6
6.Ng1e2 Nb8c6
7.Nc3xd5 exd5
8.Bc4d3 Qd8d7
9.O-O O-O-O
10.c3 h5
11.Bd3xf5 Qd7xf5
12.Ne2g3 Qf5g6
13.Qd1f3 Nc6e7
14.Ng3e2 h4
15.Ne2f4 Qg6f5
16.Qf3h3 g5
17.Qh3xf5 Ne7xf5
18.Nf4d3 Rh8g8
19.g4 Nf5h6
20.h3 f5
21.f3 Bf8d6
22.Bc1d2 Bd6g3
23.Bd2e1 Bg3d6
24.Be1f2 Rd8e8
25.Rf1e1 fxg4
{ draw }
1/2-1/2

[Event "Match"]
[Site "www.echecsemail.com"]
[Date "2018.02.16"]
[Round "1"]
[White "Whitekknight"]
[Black "Darknight"]
[WhiteElo "1960"]
[BlackElo "1720"]
[Result "0-1"]
[Round "1"]
1.d4 d5
2.e4 dxe4
3.Nb1c3 Bc8f5
4.Bc1e3 e6
5.Bf1b5 c6
6.Bb5e2 h6
7.Be2g4 Bf8b4
8.Be3d2 a6
9.Ng1e2 Bf5xg4
10.O-O h5
11.a3 Bb4d6
12.h3 Bg4f5
13.Ne2g3 Bf5g4
14.Qd1c1 f5
15.Bd2g5 Ng8f6
16.Bg5f4 Qd8e7
17.Bf4xd6 Qe7xd6
18.Nc3e2 Bg4xe2
19.Ng3xe2 Nb8d7
20.c3 O-O-O
21.g3 Rd8g8
22.Qc1e3 g5
23.Kg2 h4
24.Rf1h1 f4
25.Qe3c1 f3
{ resign }
0-1

[Event "Match"]
[Site "www.echecsemail.com"]
[Date "2018.02.16"]
[Round "1"]
[White "Apdash"]
[Black "Irene"]
[WhiteElo "2310"]
[BlackElo "2020"]
[Result "1-0"]
[Round "1"]
1.e4 e5
2.f4 exf4
3.Ng1f3 Qd8e7
4.Nb1c3 d5
5.d3 dxe4
6.Nc3xe4 f5
7.Bc1xf4 fxe4
8.Bf4g5 exf3
9.Bg5xe7 fxg2
10.Bf1xg2 Bf8xe7
11.Qd1h5 g6
12.Qh5e5 Ng8f6
13.Qe5xc7 Be7d8
14.Qc7e5 Kf7
15.Bg2d5 Kg7
16.O-O-O Rh8e8
17.Qe5c3 Nb8d7
18.Rd1e1 Re8xe1
19.Rh1xe1 Kh6
20.Bd5e6 Nd7b6
21.Be6xc8 Ra8xc8
22.Qc3a3 Kg7
23.Qa3xa7 Nf6d5
24.Qa7xb7 Bd8c7
25.c4 Rc8b8
26.Qb7c6 Rb8c8
27.Qc6b7 Rc8b8
28.Qb7c6 Rb8c8
29.Qc6e6 Nd5f4
30.Qe6e7 Kg8
31.Kc2 Nf4xd3
32.Kxd3 Nb6xc4
33.Qe7e6 Kg7
34.Qe6xc8 { resign }
1-0

[Event "Match"]
[Site "www.echecsemail.com"]
[Date "2018.02.16"]
[Round "1"]
[White "Chapi"]
[Black "Darknight"]
[WhiteElo "2100"]
[BlackElo "1720"]
[Result "1-0"]
[Round "1"]
1.d4 d5
2.c4 Nb8c6
3.Ng1f3 h6
4.cxd5 Qd8xd5
5.Nb1c3 Qd5a5
6.Bc1d2 Qa5b4
7.e3 e6
8.Qd1c2 a6
9.e4 Ng8f6
10.e5 Nc6xd4
11.Nf3xd4 Qb4xd4
12.exf6 Qd4xf6
13.Bf1d3 Bf8c5
14.Nc3e4 Bc5xf2
15.Ne4xf2 Bc8d7
16.O-O O-O-O
17.Nf2e4 Qf6e7
18.Bd2a5 c6
19.Ba5xd8 Rh8xd8
20.Ne4c5 Kc7
21.Rf1f4 g5
22.Rf4b4 Rd8b8
23.Ra1c1 h5
24.Qc2b3 g4
25.Nc5xa6 Kc8
26.Na6xb8 Kxb8
27.Rb4xb7 Kc8
28.Rc1xc6 Kd8
29.Rb7b8 Bd7c8
30.Rb8xc8 Kd7
31.Qb3b7 
1-0

[Event "Match"]
[Site "www.echecsemail.com"]
[Date "2018.02.16"]
[Round "1"]
[White "Bojan"]
[Black "Mitja"]
[WhiteElo "1920"]
[BlackElo "2100"]
[Result "0-1"]
[Round "1"]
1.e4 d5
2.exd5 Qd8xd5
3.Nb1c3 Qd5d8
4.Qd1f3 Ng8f6
5.h3 e6
6.Bf1d3 c6
7.a3 Nb8d7
8.Nc3e4 Nf6xe4
9.Bd3xe4 Nd7f6
10.Be4d3 Qd8c7
11.b3 b6
12.Bc1b2 Bf8e7
13.Ng1e2 Bc8b7
14.Ne2g3 c5
15.Qf3e3 Ra8d8
16.O-O Qc7c6
17.f3 Qc6c7
18.Ng3e2 Nf6d5
19.Qe3f2 Nd5f6
20.a4 O-O
21.g4 h6
22.Qf2e3 Nf6d5
23.Qe3f2 Nd5f6
24.a5 bxa5
25.Bb2c3 Rd8a8
26.Ra1xa5 Nf6d5
27.Ra5a4 Bb7c6
28.Ra4a2 Nd5xc3
29.Ne2xc3 Bc6d7
30.Kg2 Be7f6
31.Nc3e4 Bf6d4
32.Qf2e2 f5
33.Ne4c3 fxg4
34.hxg4 Ra8e8
35.Qe2e4 Kf7
36.Qe4g6 Ke7
37.Rf1a1 Qc7f4
38.Ra1f1 Bd4e5
39.Rf1f2 Qf4g3
40.Kf1 Rf8xf3
41.Nc3e4 Rf3xf2
42.Ne4xf2 Re8f8
{ resign }
0-1

[Event "1/8 Finale"]
[Site "www.chess-mail.com"]
[Date "2018.02.16"]
[Round "1"]
[White "Buchauer"]
[Black "Vega"]
[WhiteElo "2800"]
[BlackElo "2540"]
[Result "1-0"]
[Round "1"]
1.d4 Ng8f6
2.c4 g6
3.Nb1c3 d5
4.cxd5 Nf6xd5
5.e4 Nd5xc3
6.bxc3 Bf8g7
7.Bf1c4 c5
8.Ng1e2 Nb8c6
9.Bc1e3 O-O
10.O-O Qd8c7
11.Ra1c1 Rf8d8
12.Be3f4 Bg7e5
13.Bf4xe5 Nc6xe5
14.Bc4b3 Ne5g4
15.Ne2g3 c4
16.Bb3c2 Ra8b8
17.Qd1d2 b5
18.f3 Ng4f6
19.f4 b4
20.f5 b3
21.Bc2b1 Bc8a6
22.Rc1e1 bxa2
23.Bb1xa2 Qc7a5
24.e5 Nf6d5
25.Ng3e4 Rb8b6
26.e6 f6
27.fxg6 Kg7
28.gxh7 Rd8h8
29.Rf1f3 Rh8xh7
30.Rf3g3 Kf8
31.Ne4c5 { resign }
1-0